Universitas: Revista Trimestral Alemana de Letras, Ciencias y Arte.

Đã lưu trong:
Chi tiết về thư mục
Định dạng: Sách
Ngôn ngữ:Tiếng Tây Ban Nha
Những chủ đề:
Các nhãn: Thêm thẻ
Không có thẻ, Là người đầu tiên thẻ bản ghi này!

MARC

LEADER 00000nam^a2200000^a^4500
001 000027949
005 20250521000000.0
009 20260310084827.31
037 |a Acervo ITESO - Biblioteca 
041 |a ESP 
082 |a 300. 05  |b UNI V. 25-2 
245 1 0 |a Universitas: Revista Trimestral Alemana de Letras, Ciencias y Arte. 
264 |a Stuttgart, Alemania :  |b Instituto de Colaboración Científica,  |c 1986 
300 |a 1 v. (varias paginaciones) 
336 |a texto  |b txt  |2 rdacontenido 
337 |a sin mediación  |b n  |2 rdamedio 
338 |a volumen  |b nc  |2 rdasoporte 
649 |a XX 
650 |a Literatura -  |x Publicaciones Periódicas Alemanas 
650 |a Ciencia -  |x Publicaciones Periódicas Alemanas 
650 |a Ciencias Sociales -  |x Publicaciones Periódicas Alemanas 
910 |a Fondo General 
920 |a Impresos - Libros 
930 |a Colección General 
905 |a 101 
901 |a 0279490100  |b IT1  |c ACC  |i 027949  |u 20250521 
902 |a https://opac.biblio.iteso.mx/vufind/Record/000027949